Vaucluse - mort subite - Statistiques

Statistiques générales
  • Ce quiz a été pris 33 fois
  • Le résultat moyen est 13 sur 18
Answers on the Grid
Answers color-coded by a green-red scale on the quiz's grid according to % correct below.
Apt
La fontaine de Vaucluse
Sorgues
Avignon
Le Rhône
Lévis
Carpentras
L'enclave des papes
Château Margaux
Grasse
Pertuis
Marl
Dessie
Draguignan
Mont Ventoux
Le site d'une défaite romaine
Hermosillo
Saint-Maur-des-Fossés
Sagamihara
Château Rayas
Yulin
L'Isle-sur-la-Sorgue
Saint-Paul
Orange
Beaumes-de-Venise
Butuan
Mazan
Châteauneuf-du-Pape
Vasai-Virar
Alagoas
Gigondas
Pokhara
Le Blanc-Mesnil
Domaine du Vieux Télégraphe
Cholet
Iochkar-Ola
 
Statistiques - réponses
Réponse % Correct
Avignon
96%
Carpentras
96%
Source La fontaine de Vaucluse
88%
Mont Ventoux
88%
Orange
88%
Apt
85%
L'Isle-sur-la-Sorgue
85%
Sorgues
85%
Châteauneuf-du-Pape
81%
Enclavé dans la Drôme L'enclave des papes
81%
Pertuis
77%
Le Rhône
69%
Beaumes-de-Venise
65%
La bataille d'Orange (à l'époque Arausio), 105 av. J.-C. (des troupes romaines contre des Cimbres, Teutons et Tigurins), souvent considérée comme la défaite la pire de l'histoire romaine Le site d'une défaite romaine
65%
Mazan
65%
Domaine du Vieux Télégraphe
42%
Gigondas
42%
Vignoble Château Rayas
38%
Aucun quiz correspondant
Distribution des résultats
% des personnes avec chaque résultat
Percentile par nombre de réponses
Votre historique - résultats
Vous n’avez pas pris ce quiz